000
00290nam a2200109Ia 4500
008
230907s9999||||xx |||||||||||||| ||und||
082
_a
620.106
_b
MIC
245
0
_a
Microfluidic devices in nanotechnology.
260
_a
Wiley,
_b
Hoboken, N.J. :
_c
2010
300
_a
xii, 350 p. :
942
_c
BK
999
_c
597823
_d
597823